000 01072nam a22002297a 4500
999 _c330
_d330
003 AR-BaISA
005 20190219105601.0
007 ta
008 180514s2014 ag ad||| |||| 00| 0 spa d
020 _a9789875702295
040 _cAR-BaISA
082 0 4 _222
_a616.075 47 B278
100 1 0 _9814
_aBarrios, Rufino Leandro
_eaut.
245 1 0 _aInterpretación de las arritmias a la cabecera del paciente /
_cRufino Leandro Barrios y Pablo Manieri
260 _aBuenos Aires:
_bAkadia,
_c2014
300 _aXIV, 129 p.:
_bil, graf.
_e+ CD
504 _aBibliografía p: [127]
505 _tEl electrocardiograma. Conceptos generales --
_tMonitoreo electrocardiográfico a la cabecera del paciente --
_tArritmias cardíacas. Generalidades --
_tArritmias ventriculares --
_tBloqueos cardíacos --
_tFisiología cardiovascular en las arritmias --
_tTratamiento eléctrico de las arritmias --
_tAlgoritmos de tratamientos de las arritmias mortales según consenso internacional
650 1 4 _9815
_aElectrocardiografía
700 1 _9816
_aManieri, Pablo
_eaut.
942 _2ddc
_cLI